00987nam a22002537a 4500003000900000008004100009040007100050082002200121110004600143245006200189260005500251300003000306505017800336650003200514650002400546650001700570700002500587700001800612700002300630700002100653700002000674700001900694700002000713AR-CdUCM190304b ||||| |||| 00| 0 spa d aMUNICIPALIDAD PROVINCIAL DEL CUSCOcBIBLIOTECA MUNICIPAL DEL CUSCO a309.086 / bIN59M aInstituto de Cooperación Iberoamericana aMedina Echevarría y la sociología latinoamericana /  aMadrid : bEdiciones Cultura Hispánica, c1982.  a159 páginas ; c23 cm.  aContenido: Intervenciones en el acto de homenaje a Don José Medina Echevaria -- Ponencias presentadas al simposio en torno a la obra de Don José Medina Echevarría ...  a José Medina Echevarría aSimposio - Coloquio asociología aCardoso, Fernando H. aFaletto, Enzo aGraciarena, Jorge  aGurrieri, Adolfo aPinto, Aníbal aPrebisch, Raul aWolfe, Marshall